Sokszázados műemlékek az újjáépülő tápéi templomban

Elmentve itt :
Bibliográfiai részletek
Szerző: K. I.
Dokumentumtípus: Cikk
Megjelent: 1940-08-29
Sorozat:Délmagyarország 16 No. 195
Kulcsszavak:Templomépítészet, Tápé
Online Access:http://dmarchiv.bibl.u-szeged.hu/50717
LEADER 00478nab a2200157 i 4500
001 delm50717
005 20180927134820.0
008 180927s1940 hu o 0|| hun d
040 |a SZTE Délmagyarország Archívum  |b hun 
041 |a hun 
100 3 |a K. I.  
245 1 0 |a Sokszázados műemlékek az újjáépülő tápéi templomban  |h [elektronikus dokumentum] /  |c  K. I.  
260 |c 1940-08-29 
300 |a 5 
490 0 |a Délmagyarország  |v 16 No. 195 
695 |a Templomépítészet, Tápé